000 00510nam a2200205Ia 4500
003 OSt
005 20250929112717.0
008 250729s2005 xx 000 0 und d
020 _a978-8171692309
040 _cAL
041 _aeng
082 _a371.26 RAOP
100 _aRao V K
_9222842
245 _aPerspective in educational evaluation
260 _aNew Delhi
_bCommonwealth Publishers
_c2005
300 _a312p
650 _aEducation
_9222843
700 _aReddy R S
_9222844
942 _2ddc
_cBED
999 _c235635
_d235635